| 000 | 00991 a2200241 4500 | ||
|---|---|---|---|
| 999 |
_c5137 _d5137 |
||
| 020 | _a9780123822291 (pbk. : alk. paper) | ||
| 020 | _a0123822297 (pbk. : alk. paper) | ||
| 050 | 0 | 0 | _aQA76.9.HAN 2010 |
| 100 | 1 |
_aHansen, Derek L. _eauthor |
|
| 245 | 1 | 0 |
_aAnalyzing social media networks with NodeXL : _binsights from a connected world / _cDerek L. Hansen, Ben Schneiderman, Marc A. Smith. |
| 264 |
_aAmsterdam: _bElseiveir., _c2010 |
||
| 300 |
_axv, 284 p. : _bcol. ill. ; |
||
| 500 | _aIncludes bibliographical references and index. | ||
| 504 | _aIncludes bibliographical references and index. | ||
| 650 | 0 |
_aData mining _xComputer programs. |
|
| 650 | 0 |
_aInformation visualization _xComputer programs. |
|
| 650 | 0 |
_aWebometrics _xComputer programs. |
|
| 650 | 0 | _aOnline social networks. | |
| 700 | 1 | _aSchneiderman, Ben. | |
| 700 | 1 |
_aSmith, Marc A., _d1965- |
|
| 942 |
_2lcc _cBK _h76.9 _iHAN _kQA |
||